000 00650nam a2200241Ia 4500
005 20260430150038.0
008 008 250103s9999 xx 000 0 eng d
037 _aTheses
040 _aCRL
040 _beng
040 _ceng
041 _2eng
041 _aeng
084 _qCRL
100 _aSharma Shivangi Au.; Behera Ranjit Gu.
_91236288
245 0 _aCritical analysis of state of bovines in vedasand its relevance in modern context
260 _c2022
300 _a240p.
650 _aSanskrit Language
700 _aUniversity of Delhi. Faculty of Arts. Department of Sanskrit
942 _cTH
999 _c1848812
_d1848812